| 000 | 00000nam 2200000zi 4500 |
| 001 | 9.933798 |
| 003 | CaOODSP |
| 005 | 20240501092932 |
| 006 | m o d f |
| 007 | cr mn||||||||| |
| 008 | 240212t19841984oncdo o f000 0 fre d |
| 020 | |z0662531140 |
| 040 | |aCaOODSP|bfre|erda|cCaOODSP |
| 043 | |an-cn--- |
| 086 | 1 |aJS82-27/1983F-PDF|zJS82-27/1983 |
| 245 | 00|aDéfi et changement : |bles points saillants de 1983. |
| 246 | 16|a1983 - revue de l'année |
| 264 | 1|aOttawa, Ontario : |bService correctionnel Canada = Correctional Services Canada, |c1984. |
| 264 | 4|c©1984 |
| 300 | |a1 ressource en ligne (28 pages) : |bgraphiques, photographies |
| 336 | |atexte|btxt|2rdacontent/fre |
| 337 | |ainformatique|bc|2rdamedia/fre |
| 338 | |aressource en ligne|bcr|2rdacarrier/fre |
| 500 | |aTitre de la couverture. |
| 500 | |a« juillet 1984. » |
| 500 | |aPublié aussi en anglais sous le titre : Challenge and change : highlights 1983. |
| 520 | |a« Malgré l'amélioration des méthodes de prévision, le Service correctionnel doit faire face à des changements sociaux et économiques difficiles à prévoir. En cas d'imprévu, le Service doit être prêt à s'adapter et ce, parfois très rapidement » -- Faire face au changement, page 4. |
| 610 | 26|aService correctionnel Canada. |
| 650 | 6|aServices correctionnels|xPolitique gouvernementale|zCanada. |
| 710 | 2 |aService correctionnel Canada, |eorganisme de publication. |
| 775 | 08|tChallenge and change : |w(CaOODSP)9.933795 |
| 856 | 40|qPDF|s4.85 Mo|uhttps://publications.gc.ca/collections/collection_2024/scc-csc/JS82-27-1983-fra.pdf |